Nermeen Rahman
Chicago B
Categories
Literature - European Literature | 0 | 4 | 0 | 2 | 40 | 137 | 141.75 | 0 | 2 |
Literature - American Literature | 1 | 1 | 0 | 0 | 25 | 47 | 79.00 | 0 | 1 |
Literature - British Literature | 0 | 3 | 1 | 2 | 25 | 130 | 143.00 | 0 | 1 |
0 | 2 | 1 | 1 | 15 | 142 | 144.00 | 0 | 0 | |
Beliefs | 0 | 2 | 1 | 0 | 15 | 104 | 116.00 | 0 | 0 |
History - European History | 0 | 1 | 0 | 0 | 10 | 92 | 92.00 | 1 | 1 |
Fine Arts - Visual Fine Arts | 0 | 1 | 0 | 1 | 10 | 144 | 144.00 | 0 | 1 |
Other Arts: Auditory | 0 | 1 | 0 | 1 | 10 | 138 | 138.00 | 0 | 0 |
History - World History | 0 | 1 | 0 | 0 | 10 | 115 | 115.00 | 0 | 1 |
Current Events | 0 | 0 | 0 | 0 | 0 | 0.00 | 0 | 0 |